000 01211cam a22003377a 4500
003 CHAP
005 20230918085155.0
008 971013s1993 r 00010 d
010 _a9397
011 _a10369
035 _a9606
040 _cCHAP
082 _a628.53
_bA5
100 0 0 _aAlvarez Icaza, Pedro
_95020
245 1 4 _aLos umbrales del deterioro
_b: la dimensión ambiental de un desarrollo desigual en la región Purépecha
260 _aMéxico, D. F. :
_bFundación Friedrich Ebert,
_c1993
300 _a274 p.
_b: ilus. ; gráfs.
_e+ 6 mapas
590 _aBATCH-UPD
_b10
_c20130110
_lUCH01
_h0126
590 _aBATCH-UPD
_b10
_c20130110
_lUCH01
_h1623
590 _aBATCH-UPD
_b10
_c20130410
_lUCH01
_h1017
590 _aBATCH-UPD
_b10
_c20130914
_lUCH01
_h0259
590 _aCONVERSION
_b10
_c20130109
_lUCH01
_h1306
650 1 4 _aMedio ambiente
_xContaminación.
_974069
650 1 4 _aPolítica agrícola
_xMichoacán.
_990336
650 1 4 _aPolítica regional
_xMichoacán.
_990694
650 1 4 _aRecursos naturales
_xMichoacán.
_995298
650 1 4 _aTierras
_xTenencia
_xMichoacán.
_9113180
901 _aBK
942 _cLIBRO
949 _a628.53 A5
_bBC
_cLIBRO
_d33724000025730
_eLIBRO
_h85718
_i9606
_mD
_si
999 _c9397
_d9397